01416nam a22002057a 450000500170000000800410001702000180005804000070007604100080008308200200009110000180011124500280012925000130015726000590017030000300022936500700025952008240032965000370115370000200119020250121163441.0250121b ||||| |||| 00| 0 eng d a9789389802801 cAL aeng 223a574.5bKUME aAnil Kumar De aEnvironmental chemistry a11th ed. aLondonbNew Age International Limited Publishersc2024 axiv,394p.bPBc24x16.7cm. 2GeneralaABDI/0786/25b₹337.50c₹d₹450.00e25%f06-01-2025 aThis book has been thoroughly revised and updated in its present Eleventh Multicolour Edition. Striking a neat balance between environmental chemistry and environmental chemical analysis, the book explains the various dimensions of environmental chemistry including latest concepts and developments in the subject with global and user-friendly approach. Notable additions/features: A new chapter, The Characteristics of Industrial Waste Effluents (Chap 15) Impact of Covid 19 on Environment (Chap 18) With all these inputs, this book will scale new heights of popularity in the academic community comprising BSc. and MSc. students of Chemistry and Biochemistry as well as teachers in the respective subjects. As before, scientists, engineers and researchers will find it a valuable reference source in their profession. 2Environmental ChemistryaEcology aKumar, Arnab De